[Event "RUS-ch Rapid Men 2018"]
[Site "Sochi"]
[Date "2018.10.05"]
[Round "5"]
[White "Oganian, Miran"]
[Black "Alekseev, Evgeny"]
[Result "0-1"]
[WhiteElo "2435"]
[BlackElo "2620"]
[Annotator "TA"]
[PlyCount "134"]
[EventDate "2018.10.05"]
[EventType "swiss"]
[EventCountry "RUS"]
[SourceTitle "playchess.com"]
[Source "ChessBase"]
[SourceQuality "1"]

{[%evp 17,134,38,32,0,-6,-19,0,-16,-13,-85,-82,-72,-85,-83,-76,-70,-75,-78,-75,-79,-78,-70,-81,-123,-112,-118,-116,-112,-107,-126,-115,-103,-89,-98,-93,-96,-84,-100,-106,-101,-97,-104,-60,-74,-16,-23,0,-66,0,-44,-10,-27,-54,-52,0,0,0,0,0,0,0,0,-8,-141,-77,-158,-159,-162,-158,-159,-159,-159,-153,-193,-160,-192,-179,-200,-159,-166,-157,-157,-158,-155,-158,-167,-160,-161,-157,-190,-176,-173,-175,-170,-163,-183,0,-243,-243,-846,-846,-846,-846,-839,-844,-761,-785,-692,-600,-1003,-967,-981,-981,-958,-958,-939,-933,-882,-878]} 1. d4 e6 2. c4 b6 3. a3 Bb7 4. Nc3 f5 5. Nf3 Nf6 6. g3 g6 7. Bg2 Bg7 8. O-O O-O 9. d5 Na6 {[%cal Bb8a6,Ba6c5,Bc5e4][%mdl 32] LiveBook: 18 Games. A40: Unusual replies to 1 d4} 10. Nd4 Nc5 11. b4 $146 ({Predecessor:} 11. Bg5 e5 12. Nb3 h6 13. Bxf6 Qxf6 14. Nxc5 bxc5 15. e4 Ba6 16. b3 Rab8 17. Rb1 {0-1 (32) Rietze,C (2194)-Meier,G (2641) playchess.com INT 2009}) 11... Nce4 {The position is equal.} 12. Bb2 exd5 13. cxd5 (13. Nxd5 $11 {keeps the balance.} Nxd5 14. cxd5) 13... Nxc3 $17 (13... Nxd5 $6 14. Nxe4 fxe4 15. Bxe4 $14) 14. Bxc3 Bxd5 15. Bxd5+ Nxd5 16. Qb3 c6 17. Rad1 Qe8 18. Nb5 Qf7 ({Reject} 18... Qxe2 $6 19. Bxg7 Kxg7 20. Nc7 $1 $11 {[%mdl 512]}) 19. Bxg7 Kxg7 ({Of course not} 19... Qxg7 $6 20. Nc7 $14) 20. Rd2 Nf6 21. Qxf7+ Rxf7 22. Nd6 Re7 $1 23. Rfd1 Re5 24. f3 a5 25. Nc4 Rb5 26. bxa5 bxa5 27. Rd6 Re8 28. Kf2 Re7 29. R1d2 a4 30. Nb2 Ra5 (30... Nd5 $17) 31. Nc4 $11 Rb5 32. Nb2 Ra5 (32... Nd5 $15) 33. R6d4 (33. Nc4 $5 {[%cal Rc4a5]} Rb5 $15) 33... d5 34. Rc2 c5 35. Rxa4 Rb5 ({Black should play} 35... Rea7 $1 $15 36. Rxa5 Rxa5) 36. Nd3 c4 $36 {[%mdl 2048] Black has the initiative.} 37. Nb4 Rc5 38. Ra6 Rd7 39. Nc6 d4 40. Na5 {[#]} (40. Nb8 $11 {remains equal.} Rdd5 41. Nc6) 40... c3 (40... Rdc7 $142 $1 41. Rc1 Nh5) 41. Nb3 (41. Nc6 $142) 41... Rb5 $17 42. Nxd4 Rxd4 43. Rxc3 Rd7 44. Rc2 Rb3 45. Ra2 Re7 46. a4 Nd5 47. Rd6 Nc3 48. Rd3 {Black should prevent Rc2.} Nxa2 49. Rxb3 $19 {[%mdl 4096] Endgame [#] KRN-KR} Ra7 $1 50. Ra3 Nb4 51. h4 Ra5 52. Rc3 Nd5 53. Rd3 Kf6 54. Rd4 Ke5 55. Rc4 Nf6 56. Rb4 Nd5 $2 (56... Ra6 $19 {...Kd5 is the strong threat.} 57. e3 Kd5) 57. Rb7 $2 (57. Rc4 $1 $11) 57... h5 ({Resist} 57... Rxa4 58. Rxh7 Ra2 59. Rh6) 58. f4+ $2 (58. Rg7 Kf6 59. Rg8) 58... Ke6 {Black is clearly winning.} 59. Rg7 Ne7 60. Rh7 Rxa4 61. Rh8 Nd5 62. Re8+ Kf7 63. Re5 Nf6 64. Rb5 Ra3 65. Rb7+ Kf8 66. Rb8+ Kg7 67. Rb7+ Kh6 {Precision: White = 51%, Black = 69%.} 0-1

[Event "RUS-ch Rapid Men 2018"]
[Site "Sochi"]
[Date "2018.10.05"]
[Round "5"]
[White "Lugovskoy, Maxim"]
[Black "Gorbatov, Alexej"]
[Result "1-0"]
[WhiteElo "2428"]
[BlackElo "2389"]
[Annotator "TA"]
[PlyCount "151"]
[EventDate "2018.10.05"]
[EventType "swiss"]
[EventCountry "RUS"]
[SourceTitle "playchess.com"]
[Source "ChessBase"]
[SourceQuality "1"]

{[%evp 9,151,0,12,11,14,9,17,13,23,22,29,16,26,10,18,3,7,6,10,17,4,0,0,0,0,-23,14,0,0,0,14,14,16,-29,-15,-62,-34,-51,-51,-79,-38,-30,-33,-38,-38,-38,-38,-53,0,-11,0,0,0,-45,0,0,0,0,0,0,0,0,0,-33,-33,-189,-199,-287,117,119,113,22,39,35,337,224,224,224,219,235,235,235,233,233,219,251,479,438,517,490,467,414,678,535,520,493,1017,618,715,718,698,691,729,720,737,683,834,828,1016,974,945,854,1077,1057,1002,979,933,781,6179,6179,6087,2920,2170,2130,1986,1903,2126,1434,2184,2185,1882,2030,10652,1598,29982,29982,29978,29981,29984,29985,29987,29988,29992,29993]} 1. e4 e5 2. Nf3 Nf6 3. Nc3 Bb4 4. Bc4 d6 5. d3 Be6 6. Bb3 {C42: Petroff Defence: 3 Nxe5 and unusual White 3rd moves} Nbd7 7. O-O c6 8. Ne2 $146 {The position is equal.} ({Predecessor:} 8. h3 Qe7 9. Be3 O-O 10. Ne2 d5 11. Ng5 c5 12. f4 c4 13. Nxe6 Qxe6 14. exd5 Nxd5 15. Bxc4 {0-1 (58) Kosovska,O (1880)-Korenova,M (2169) Germany 2017}) 8... Bxb3 9. axb3 d5 10. Ng3 O-O 11. c3 Bd6 12. Re1 Re8 13. b4 a6 14. Bg5 Qc7 15. Qb3 h6 16. Bd2 Bf8 17. Rad1 Rad8 18. Bc1 g6 19. h4 h5 20. Bg5 Bg7 21. c4 {[%cal Re4d5]} d4 22. Nh2 Nf8 23. Ne2 Ne6 24. Bc1 Kh7 25. Rf1 Bh6 26. Bxh6 Kxh6 27. Qc2 Kg7 28. Qc1 Nf4 ({Black should try} 28... Ng4 $15) 29. Qd2 Nxe2+ 30. Qxe2 Qe7 31. f4 exf4 32. Rxf4 Nd7 $36 {[%cal Bf6d7,Bd7e5,Be5g4][%mdl 2080] Black has good play.} 33. Rdf1 Ne5 34. Nf3 {Nxe5 is the strong threat.} Ng4 35. Nh2 Ne5 36. Qf2 Rd7 37. Qg3 $2 (37. Qd2 $15) 37... Qxb4 $19 38. Rf5 {[#]} (38. R4f2 $142) 38... Qd6 $2 {[#]} (38... Nxd3 $1 $19 {[%mdl 512]} 39. Rxh5 (39. Qxd3 gxf5) 39... Qd2) 39. Rxh5 $1 $16 f6 {[#] And now ...Nxd3! would win.} 40. c5 ({White should play} 40. Ng4 $1 $16 {[%cal Rg4f6]} Nxg4 41. Qxg4) 40... Qe6 $11 41. Rhf5 {Black must now prevent h5.} Kf7 $2 {[%mdl 8192]} ({Better is} 41... Nxd3 $1 $14 42. h5 Ne5) 42. Rxf6+ Qxf6 43. Rxf6+ Kxf6 44. Ng4+ Nxg4 45. Qxg4 $18 {[%mdl 4096] Endgame KQ-KRR} Re6 46. b4 Kf7 47. Kh2 Ke7 $2 (47... Ree7 48. Kg3 Re6) 48. Qf4 Rf6 49. Qh6 Ke6 50. Qh8 Rdf7 (50... Re7 $142 51. Qg8+ Kd7) 51. Qc8+ Rd7 52. Qg8+ Rdf7 (52... Ke7 $142 53. Kh3 Rf1 54. Qxg6 Kf8) 53. Kg3 Kd7 54. Qb8 Re7 55. Qxb7+ Ke8 56. Qxa6 Kf7 57. Qc4+ Kg7 58. Qxd4 Kf7 59. Qc4+ Kg7 60. Qc3 Kf7 {[#]} 61. b5 $1 cxb5 62. Qb3+ Kg7 63. Qxb5 g5 64. hxg5 Rg6 65. Qb2+ Kf7 66. Kg4 Rc6 67. Qc3 Ree6 68. Kh4 Kg6 69. g4 Re7 70. d4 Rh7+ 71. Kg3 Kxg5 72. Qe3+ {White mates.} Kg6 73. e5 {[%cal Be4e5,Be5e6][%mdl 32]} Rhc7 74. e6 Kf6 75. Qe5+ Ke7 76. d5 {Precision: White = 62%, Black = 43%.} 1-0

[Event "RUS-ch Rapid Men 2018"]
[Site "Sochi"]
[Date "2018.10.05"]
[Round "5"]
[White "Pogromsky, Mikhail"]
[Black "Temirkanov, David"]
[Result "1-0"]
[WhiteElo "2415"]
[BlackElo "2262"]
[Annotator "TA"]
[PlyCount "113"]
[EventDate "2018.10.05"]
[EventType "swiss"]
[EventCountry "RUS"]
[SourceTitle "playchess.com"]
[Source "ChessBase"]
[SourceQuality "1"]

{[%evp 26,113,108,111,144,117,128,114,124,120,108,75,177,23,128,128,166,96,96,96,97,99,96,92,98,89,104,101,118,109,116,102,169,156,174,135,129,128,123,119,126,112,127,112,161,157,156,146,188,218,229,227,228,225,259,170,250,260,250,250,337,316,322,192,315,231,381,388,369,371,1350,1206,2227,2049,5953,5835,5575,4808,4614,1933,5085,4714,5783,5716,5402,5289,4790,2860,2500,2387]} 1. Nf3 Nf6 2. c4 c5 3. Nc3 Nc6 4. g3 g6 5. Bg2 Bg7 6. O-O O-O 7. d4 cxd4 8. Nxd4 d6 9. Nxc6 bxc6 10. Bxc6 Bh3 11. Bxa8 Qxa8 12. f3 {E65: King's Indian: Fianchetto: 6...c5 7 0-0 without d5 by White} Bxf1 13. Kxf1 Rc8 {[#]} 14. Qd3 $1 {LiveBook: 19 Games. White is better.} Nd7 (14... Qc6 15. Be3 Qa6 16. Rc1 Nd7 17. b3 Bxc3 18. Qxc3 Qa3 19. Rd1 a5 {1-0 (40) Oparin,G (2587)-Zakaryan,D (2387) Yaroslavl 2018}) 15. b3 $146 ({Predecessor:} 15. Nd5 Kf8 16. Bg5 f6 17. Bf4 Nc5 18. Qd2 Qb7 19. b3 a5 {1-0 (31) Cmilyte,V (2477)-Thorfinnsson,B (2395) Novi Sad 2009}) 15... Nc5 16. Qd2 d5 17. Bb2 (17. Nxd5 $6 Bxa1 18. Nxe7+ Kg7 $11) 17... dxc4 18. bxc4 Rd8 (18... Qb7 $16 {was called for.}) 19. Qc2 $2 (19. Nd5 $18 {aiming for Bxg7.} Bxb2 20. Qxb2) 19... e6 (19... Nd3 $1 $11) 20. Rd1 $16 Rb8 21. Ba1 (21. Ba3 $18 Qc6 22. Bxc5 Qxc5 23. Ne4) 21... Qc6 22. Nb5 Bxa1 23. Rxa1 a6 24. Nd4 Qb6 {[#]} 25. Nb3 $1 {[%mdl 512]} Rc8 (25... Nxb3 26. axb3) 26. Rc1 Qc7 27. Qc3 h5 28. Qd4 Nd7 (28... Qb6 $16) 29. c5 $18 Ne5 30. Qf4 Nc6 31. Qxc7 Rxc7 $16 {[%mdl 4096] Endgame KRN-KRN} 32. Kf2 Kf8 33. Ke3 Ke7 34. Rc4 e5 35. Ra4 Ra7 36. Kd3 Ke6 37. Kc4 f5 38. e3 Ra8 39. Na5 Ne7 40. Ra3 Rb8 (40... f4 $142 41. exf4 (41. gxf4 exf4 42. exf4 Rf8 $18) 41... exf4) 41. Nb3 $18 Ra8 42. f4 Nd5 43. Na5 h4 44. fxe5 ({Weaker is} 44. gxh4 exf4 45. exf4 Nxf4 $16) (44. Nc6 $142) 44... Kxe5 (44... Rc8 $142 45. Kd4 (45. gxh4 Kxe5 46. c6 Nb6+ 47. Kd3 Kd6 $16) 45... Nc7) 45. c6 (45. gxh4 Rh8 $16) 45... Ke4 (45... Rb8 $142 46. Nb7 (46. gxh4 Rb4+ 47. Kd3 Rxh4 $11) 46... Nc7) 46. Kc5 hxg3 47. hxg3 Ke5 $2 (47... Nc7 48. Nc4 Rf8) 48. Nc4+ {White is clearly winning.} Ke6 49. Nb6 Nxb6 50. Kxb6 {KR-KR} Rb8+ 51. Kc7 Rb4 52. Rd3 (52. Rb3 $142 Ra4 53. Kb7 Rxa2 54. c7) 52... a5 53. Kc8 a4 54. c7 Ke7 55. Rd7+ Ke8 56. Rd4 Rb6 57. Rxa4 {Precision: White = 73%, Black = 28%.} 1-0

[Event "RUS-ch Rapid Men 2018"]
[Site "Sochi"]
[Date "2018.10.05"]
[Round "5"]
[White "Sadovsky, Artem"]
[Black "Kobalia, Mikhail"]
[Result "0-1"]
[WhiteElo "2408"]
[BlackElo "2620"]
[Annotator "TA"]
[PlyCount "108"]
[EventDate "2018.10.05"]
[EventType "swiss"]
[EventCountry "RUS"]
[SourceTitle "playchess.com"]
[Source "ChessBase"]
[SourceQuality "1"]

{[%evp 9,108,-7,10,8,19,14,16,15,20,19,26,20,14,-40,-18,-100,-78,-69,-74,-83,-73,-101,-71,-182,-40,-64,-59,-87,-83,-126,-130,-138,-108,-132,-84,-122,-136,-277,-94,-245,-237,-280,-268,-243,-264,-263,-192,-193,-188,-253,-222,-235,-192,-181,-185,-187,-188,-220,-230,-256,-235,-309,-309,-309,-280,-300,-279,-270,-299,-309,-302,-304,-301,-301,-281,-253,-216,-684,-675,-1697,-1675,-1470,-1070,-1118,-972,-1178,-585,-29964,-29965,-29969,-29970,-29970,-29970,-29972,-29972,-29971,-29972,-29955,-29973,-29967,-11107]} 1. c4 c6 2. Nf3 d5 3. b3 Bg4 4. Bb2 Bxf3 5. gxf3 Nf6 {LiveBook: 5 Games} 6. d4 $146 {A12: English Opening: 1...c6 with b3 by White} ({Predecessor:} 6. e3 e6 7. Rg1 g6 8. Nc3 Bg7 9. cxd5 exd5 10. Ba3 Bf8 11. Bxf8 Kxf8 12. Qc2 {0-1 (39) Deviatkin,A (2604)-Goganov,A (2448) Moscow 2010}) 6... g6 7. Nd2 Bg7 8. e3 {The position is equal.} O-O 9. f4 Na6 10. h4 c5 11. Nf3 (11. Be2 $11) 11... Qa5+ 12. Ke2 (12. Qd2 $11 Qxd2+ 13. Kxd2) 12... cxd4 13. Bxd4 dxc4 14. bxc4 Rfd8 15. Qb1 Qc7 16. Ne5 {[#]} (16. Qc2 $17 {keeps fighting.}) 16... Nd7 ({Better is} 16... Rxd4 $1 $19 {[%mdl 512]} 17. exd4 Rd8) 17. Qb5 $15 Nac5 $36 {[%mdl 2048] White must now prevent ...Ne6. Black is more active.} 18. Rd1 a6 19. Qb2 Ne6 20. Ke1 Nxe5 21. fxe5 Rd7 {aiming for ...Rad8.} 22. Be2 Rad8 23. Bb6 (23. f4 $17) 23... Rxd1+ 24. Bxd1 Qc6 25. Rg1 {[#]} Bxe5 $1 {[%mdl 512]} 26. Qxe5 Qxb6 27. Bb3 Qb4+ 28. Kf1 Qc5 29. Rg5 {[#]} (29. Qxc5 {was necessary.} Nxc5 30. Ke2) 29... Qc6 $1 $19 30. Rg2 Qd6 31. Qxd6 Rxd6 {[%mdl 4096] Endgame KRB-KRN} ({Don't do} 31... exd6 32. Rg1 $17) 32. h5 Nc5 33. hxg6 hxg6 ({Don't take} 33... fxg6 34. Bc2) 34. Bc2 Rd2 35. f4 Rxg2 36. Kxg2 {KB-KN} Kg7 37. Kf3 Kf6 38. Bd1 e5 39. Bc2 Ke6 40. Kg4 exf4 41. exf4 b6 42. Kg5 a5 43. a3 $2 (43. Kg4) 43... Kd6 44. f5 gxf5 45. Kxf5 Nd7 46. Ba4 Ne5 47. Bb5 Nd3 48. Be8 Nb2 {Black mates.} 49. Bxf7 Kc5 50. Kf4 Nxc4 51. a4 Nb2 52. Be8 Kb4 53. Ke3 Nxa4 54. Kd2 Nc5 {Precision: White = 30%, Black = 71%.} (54... Nc3 $142 55. Kc2 Nd5 56. Kb2 Ne3 57. Bc6 Nc4+ 58. Ka2 Ne5 59. Bg2 Kc3 60. Bb7 b5 61. Bd5 b4 62. Bb3 Nc6 63. Be6 Nd4 64. Bf7 a4 65. Be8 b3+ 66. Ka3 Nc2+ 67. Kxa4 b2 68. Kb5 b1=Q+ 69. Kc6 Qb8 70. Kd7 Nd4 71. Bh5 Qb5+ 72. Ke7 Qxh5 73. Kf6 Qf5+ 74. Ke7 Qe6+ 75. Kd8 Qf7 76. Kc8 Nf5 77. Kd8 Qb7 78. Ke8 Qe7#) 0-1

[Event "RUS-ch Rapid Men 2018"]
[Site "Sochi"]
[Date "2018.10.05"]
[Round "5"]
[White "Truskavetsky, Alexandr"]
[Black "Yuffa, Daniil"]
[Result "1-0"]
[WhiteElo "2393"]
[BlackElo "2563"]
[Annotator "TA"]
[PlyCount "125"]
[EventDate "2018.10.05"]
[EventType "swiss"]
[EventCountry "RUS"]
[SourceTitle "playchess.com"]
[Source "ChessBase"]
[SourceQuality "1"]

{[%evp 15,125,0,15,23,41,26,89,92,84,114,87,81,114,83,87,78,86,58,65,-74,-63,-56,-85,-54,-77,-116,-112,-125,-97,-95,-91,-99,-82,-79,-60,-175,-143,-195,-136,-139,-57,-65,14,19,14,-153,-141,-178,153,143,145,156,170,0,127,4,174,164,166,109,155,152,143,137,149,116,112,67,55,0,75,28,31,39,39,18,68,76,64,65,123,126,216,216,202,147,290,270,543,243,489,476,489,479,543,480,29954,29938,29949,29950,6079,9686,5065,8,8,8,29979,29980,29981,29982,29983,29984]} 1. d4 Nf6 2. c4 g6 3. g3 c5 4. dxc5 Qa5+ 5. Nc3 Bg7 6. Bg2 {E60: Königsindisch (ohne Sc3)} O-O (6... Qxc5 7. Qa4 Ng4 8. Nh3 Nc6 9. Bd2 O-O 10. O-O d6 11. Rac1 Qd4 {1-0 (26) Gelfand,B (2703)-Svidler,P (2753) Jerusalem 2018}) 7. Qa4 Qxc5 8. Nf3 Nc6 {LiveBook: 3 Partien} 9. Be3 Qh5 $146 ({Vorgänger:} 9... Qa5 10. Rc1 Qxa4 11. Nxa4 d5 12. cxd5 Nxd5 13. Bd2 Nb6 14. Nc3 {½-½ (14) Cvek,R (2563)-Kislinsky,A (2532) Kouty nad Desnou 2012}) 10. h3 d6 (10... Qa5 $1 $11) 11. Ng5 $16 Ne5 12. f4 Bd7 13. Qb3 Nc6 {[%cal Be5c6,Bc6a5,Ba5b3,Bb3a1][%mdl 32]} 14. g4 (14. Qxb7 Rab8 $15) 14... Qh4+ 15. Bf2 Qh6 16. Nf3 (16. Qxb7 Rab8 $17) 16... Na5 $1 {[%cal Ra5b3]} (16... Qxf4 $2 17. e3 $18) 17. g5 (17. Qb4 $14 {behält die Oberhand.} Nc6 18. Qb3) 17... Nxb3 $17 18. gxh6 Nxa1 19. hxg7 Rfc8 $1 20. Kd2 Rxc4 21. Bd4 Nh5 ({Schlechter ist} 21... Kxg7 22. Rxa1 Rac8 23. b3 $11) 22. Nd5 {[%cal Rd5e7]} Rc2+ 23. Ke3 {[%cal Rd5e7]} Re8 {...Sg3 ist eine echte Drohung.} 24. Rxa1 Ng3 $1 25. Nc3 (25. Re1 $1 $15 Nf5+ 26. Kd3 Nxd4 27. Nxd4 Rxb2 28. Ra1) 25... Rxb2 26. Kd3 (26. Kf2 $17 Nf5 27. Bxa7) 26... Rc8 ({Keinesfalls} 26... Nxe2 27. Nxe2 Bb5+ 28. Kc3 $17) (26... Nf5 $19 27. Bg1 Bc6) 27. Nd2 e5 (27... Nf5 $17 28. Bxa7 Nxg7) 28. fxe5 $15 dxe5 ({Besser ist} 28... Nf5 $1 $15 29. Bxa7 dxe5) 29. Bxe5 $11 Bf5+ 30. Ke3 $2 (30. Nde4 $11 Nxe4 31. Bxe4 (31. Nxe4 Rb6 $15)) 30... Re8 $17 31. Nc4 {[#]} Rb4 $2 {[#]} (31... Rc2 $1 $19 {[%cal Rc2c3]} 32. Kd4 Nxe2+ 33. Nxe2 Rxe2 34. Bxb7 Bxh3) 32. Nd5 $1 $16 {[%cal Rd5f6]} Rxe5+ 33. Nxe5 Rb2 34. Nc3 $2 ({Lieber} 34. Bf3 $18 {zielt auf Kf2 ab.} Be6 35. Nf4) 34... Kxg7 (34... Rc2 $1 $11 35. Kd4 Rd2+ 36. Ke3 Rc2) 35. Nd3 (35. Rc1 $16) 35... Bxd3 $2 (35... Rc2 $11 {und Schwarz ist OK.} 36. Kd4 Nxe2+ 37. Nxe2 Rxe2 38. Bxb7 Bxh3) 36. Kxd3 $18 Nh5 {Und ...Sf4+ würde nun gewinnen.} 37. Rf1 (37. Ke3 $18) 37... f5 38. Bd5 Rb4 39. e3 Kf6 40. Bc4 Ke5 41. Bg8 Nf6 42. Bc4 (42. Bf7 $14) 42... a6 (42... Nh5 $1 $11 {hält das Gleichgewicht.}) 43. Rb1 (43. Ne2 {with more complications.} Ne4 44. Bb3 Nc5+ 45. Kc2 Nxb3 46. axb3 Rh4 47. Rf3) 43... Rxb1 44. Nxb1 b5 45. Bf7 Ne4 46. h4 Nc5+ 47. Ke2 a5 (47... Kf6 $14 48. Bb3 b4) 48. Nd2 $16 f4 (48... Kf6 $16) 49. Be8 $18 Na4 50. Nf3+ Kd5 (50... Kf6 $16 51. exf4 Nc3+ 52. Kd3 b4) 51. exf4 Nc3+ $2 (51... Ke4 {war einen Versuch wert.} 52. Ng5+ Kxf4 53. Nxh7 Kg4) 52. Ke3 (52. Kd3 $142) 52... b4 $2 (52... Ke6 53. Nd4+ Kf6 54. Bxb5 Nxa2) 53. Bf7+ Kd6 54. Ng5 a4 55. Kd3 Nd5 (55... Nxa2 $18 56. Ne4+ Ke7) 56. Bxd5 Kxd5 57. Nxh7 {[%mdl 4096] Endspiel KS-K3B} Ke6 58. Ng5+ Kf5 59. Ke3 $2 (59. Ne4 $18 b3 60. a3) 59... b3 $11 60. axb3 a3 $2 {[%mdl 8192]} (60... axb3 $11 61. Ne4 b2) 61. Nf3 {Weiß setzt Matt.} a2 62. Nd4+ Kg4 63. Nc2 {Precision: Weiß = 35%, Schwarz = 35%.} 1-0

[Event "RUS-ch Rapid Men 2018"]
[Site "Sochi"]
[Date "2018.10.05"]
[Round "5"]
[White "Kurbedinov, Ramis"]
[Black "Kryakvin, Dmitry"]
[Result "1/2-1/2"]
[WhiteElo "2305"]
[BlackElo "2595"]
[Annotator "ChessBase"]
[PlyCount "86"]
[EventDate "2018.10.05"]
[EventType "swiss"]
[EventCountry "RUS"]
[SourceTitle "playchess.com"]
[Source "ChessBase"]
[SourceQuality "1"]
[TimeControl "900+10"]

1. Nf3 {[%emt 0:00:00]} d5 {[%emt 0:00:00]} 2. e3 {[%emt 0:00:00]} c6 {[%emt 0:00:00]} 3. c4 {[%emt 0:00:00]} Nf6 {[%emt 0:00:00]} 4. Nc3 {[%emt 0:00:00]} e6 {[%emt 0:00:04]} 5. b3 {[%emt 0:00:08]} Nbd7 {[%emt 0:00:07]} 6. Bb2 {[%emt 0:00:14]} Bd6 {[%emt 0:00:01]} 7. d4 {[%emt 0:00:10]} O-O {[%emt 0:00:14]} 8. Bd3 {[%emt 0:00:04]} dxc4 {[%emt 0:00:21]} 9. bxc4 {[%emt 0:00:57]} e5 {[%emt 0:00:01]} 10. O-O {[%emt 0:00:18]} Re8 {[%emt 0:00:02]} 11. Qc2 {[%emt 0:00:16]} exd4 {[%emt 0:00:10]} 12. exd4 {[%emt 0:00:06]} Nf8 {[%emt 0:00:02]} 13. Rfe1 {[%emt 0:01:02]} Rxe1+ 14. Rxe1 {[%emt 0:00:01]} Ng6 {[%emt 0:00:18]} 15. Ne4 {[%emt 0:01:06]} Bg4 {[%emt 0:02:08]} 16. Ne5 {[%emt 0:01:32]} Bxe5 {[%emt 0:01:32]} 17. dxe5 {[%emt 0:00:03]} Nxe4 {[%emt 0:00:01]} 18. Bxe4 {[%emt 0:00:18]} Qg5 {[%emt 0:00:31]} 19. Bxg6 {[%emt 0:02:26]} Qxg6 {[%emt 0:00:47]} 20. Qxg6 {[%emt 0:01:13]} hxg6 {[%emt 0:00:01]} 21. Ba3 {[%emt 0:00:04]} Be6 {[%emt 0:00:21]} 22. Rc1 {[%emt 0:00:02]} b6 {[%emt 0:00:17]} 23. Bd6 {[%emt 0:00:12]} c5 {[%emt 0:00:01]} 24. a4 {[%emt 0:00:45]} g5 {[%emt 0:00:48]} 25. h3 {[%emt 0:00:54]} Rc8 {[%emt 0:00:42]} 26. a5 {[%emt 0:00:22]} f6 {[%emt 0:00:39]} 27. axb6 {[%emt 0:00:15]} axb6 {[%emt 0:00:01]} 28. f4 {[%emt 0:01:41]} gxf4 {[%emt 0:02:17]} 29. exf6 {[%emt 0:00:04]} g5 {[%emt 0:00:31]} 30. h4 {[%emt 0:00:55]} gxh4 {[%emt 0:00:30]} 31. Bxf4 {[%emt 0:00:03]} Kf7 {[%emt 0:00:00]} 32. Be5 {[%emt 0:00:34]} Rg8 {[%emt 0:00:39]} 33. Bc7 {[%emt 0:02:01]} Rg4 {[%emt 0:00:01]} 34. Bxb6 {[%emt 0:00:32]} Bxc4 {[%emt 0:00:01]} 35. Bxc5 {[%emt 0:00:30]} Bd5 {[%emt 0:00:02]} 36. Rc2 {[%emt 0:00:06]} h3 {[%emt 0:00:07]} 37. g3 {[%emt 0:00:27]} Kxf6 {[%emt 0:00:20]} 38. Kh2 {[%emt 0:00:19]} Be6 {[%emt 0:00:22]} 39. Rf2+ {[%emt 0:00:18]} Kg6 {[%emt 0:00:15]} 40. Rf4 {[%emt 0:00:13]} Rg5 {[%emt 0:00:12]} 41. Bd4 {[%emt 0:00:06]} Bf5 {[%emt 0:00:52]} 42. g4 {[%emt 0:00:29]} Bxg4 {[%emt 0:00:11]} 43. Bf6 {[%emt 0:00:04]} Rh5 {[%emt 0:00:15]} 1/2-1/2

[Event "RUS-ch Rapid Men 2018"]
[Site "Sochi"]
[Date "2018.10.05"]
[Round "5"]
[White "Jary, Sergey"]
[Black "Belyakov, Bogdan"]
[Result "1/2-1/2"]
[WhiteElo "2286"]
[BlackElo "2458"]
[Annotator "TA"]
[PlyCount "45"]
[EventDate "2018.10.05"]
[EventType "swiss"]
[EventCountry "RUS"]
[SourceTitle "playchess.com"]
[Source "ChessBase"]
[SourceQuality "1"]

{[%evp 9,45,32,27,0,0,11,14,9,5,0,33,0,0,0,0,0,0,0,0,0,11,-14,-19,-18,-18,-15,-12,-12,-5,-8,128,134,127,81,81,91,67,-1374]} 1. d4 {Finkel,A} d5 2. Nf3 a6 3. g3 Bf5 4. Bg2 e6 5. O-O Nf6 {LiveBook: 5 Partien} 6. Bg5 $146 {D02: Damenbauernspiele} ({Vorgänger:} 6. c4 c6 7. Nc3 b5 8. cxd5 cxd5 9. Nh4 Bg4 10. h3 Bh5 11. g4 {1-0 (29) Wu,W (2523)-Ye,R (2472) Beijing 2005 CBM 110 [Finkel,A]}) 6... Be7 7. Nbd2 h6 8. Bxf6 {Die Stellung ist ausgeglichen.} Bxf6 9. c4 c6 10. Re1 (10. Qb3 $5 {[%cal Rb3b7]}) 10... O-O 11. e4 dxe4 12. Nxe4 Bxe4 13. Rxe4 Nd7 14. Qc2 Qa5 15. b3 c5 16. Rd1 cxd4 17. Nxd4 Nc5 18. Re2 $1 Rac8 19. Red2 b5 (19... Bg5 $11) 20. Nc6 $36 {[%mdl 2048] Weiss ist am Drücker.} Qa3 21. b4 {[#] zielt auf cxb5 ab.} Na4 22. Qb3 Qxb3 23. Bf1 $2 {[%mdl 40960] Precision: Weiß = 64%, Schwarz = 62%. . An unexpected result.} (23. axb3 $14 Nc3 24. Re1) 1/2-1/2